Cuba : algunos problemas de su historia /
Gardado en:
| Outros autores: | |
|---|---|
| Formato: | Desconocido |
| Idioma: | Spanish |
| Publicado: |
Praga :
Universidad Carolina,
1995.
|
| Materias: | |
| Etiquetas: |
Engadir etiqueta
Sen Etiquetas, Sexa o primeiro en etiquetar este rexistro!
|
MARC
| LEADER | 000000000a22000000004500 | ||
|---|---|---|---|
| 001 | 003339 | ||
| 020 | |a 8071841528 | ||
| 041 | 0 | |a spa | |
| 082 | 0 | 4 | |a 972.91 |b C962cu |
| 245 | 0 | 0 | |a Cuba : |b algunos problemas de su historia / |c Josef Opatrny, editor. |
| 260 | 1 | |a Praga : |b Universidad Carolina, |c 1995. | |
| 300 | |a 178 páginas | ||
| 500 | |a Volumen del Suplemento de Ibero-Americna Pragensia | ||
| 650 | 4 | |a CUBA | |
| 650 | 4 | |a HISTORIA | |
| 650 | 4 | |a SIGLO XX | |
| 650 | 4 | |a SIGLO XVIII | |
| 650 | 4 | |a SIGLO XIX | |
| 700 | 1 | |a Opatrny, Josef, |e editor | |
| 999 | |c 9580 |d 9580 | ||
| 942 | |c BK |h 972.91 C962cu |2 z | ||



